LEADER 01004naa a2200217 u 4500 001 000000094108 003 CaOOAMICUS 005 20070226130136.0 008 010730m19941995fr u000 u eng u 035 $a10898956 040 $aPUL(R)$bita 100 1 $aFranck, Thomas M.,$d1931-$0(OLS)http://pul/name/60382 245 10$aFairness in the international legal and institutional system :$bgeneral course on public international law /$cby Thomas M. Franck. 260 $a[S. l. :$bs. n.],$c1994-1995. 300 $aP. [1-498] 504 $aBibliografia in nota. 650 4$aDiritto internazionale pubblico.$0(OLS)http://pul/subject/13984 773 0 $tRecueil des cours$gv.III (1993) 773 0 $tRecueil des cours 1993 : collected courses of The Hague Academy of International Law$w()60684 996 $6245$aFairness in the international legal and institutional system :$bgeneral course on public international law$9(OLS)http://pul/title/120964 996 $6260$a[S. l. :$bs. n.]$9(OLS)http://pul/publisher/47882 LEADER 01136nam a2200289 u 4500 001 000000072646 003 CaOOAMICUS 005 20110606100335.0 008 020619s1999 enk u000 u eng u 020 $a0521637228 (paperback) 035 $a10934022 040 $aPUL$bita 245 04$aThe Cambridge Dictionary of Philosophy /$cgeneral editor Robert Audi. 250 $a2. ed. 260 $aCambridge :$bUniversity Press,$c1999. 300 $axxxv, 1001 p. ;$c26 cm 500 $aComprende indici. 504 $aContiene indicazioni bibliografiche. 650 4$aFilosofia$vDizionari.$0(OLS)http://pul/subject/2290 700 1 $aAudi, Robert.$0(OLS)http://pul/name/48060 850 $aPUL 852 $aPUL$W1$xSL Cons. Gen., Altre Classi 1$y1$m2015 E 8$j93981$nBK-PRI$b $qStampati$B93981$CPULBib$Z2$F93981 $H $81 941 1 $a8 961 $aINV: 87557 996 $6020$a0521637228 (paperback)$9(OLS)http://pul/number/93749 996 $6245$aThe Cambridge Dictionary of Philosophy$9(OLS)http://pul/title/95548 996 $6260$aCambridge :$bUniversity Press$9(OLS)http://pul/publisher/49564 LEADER 01751nam a2200337 a 4500 001 000000129040 003 CaOOAMICUS 005 20120523155558.0 008 120523s2012 vc o u000 u ita r 020 $a978-88-209-8649-0 040 $aPUL$bita 082 04$a264 245 03$aLa penitenza tra I e II millennio :$bper una comprensione delle origini della Penitenzieria Apostolica /$ca cura di Manlio Sodi - Renata Salvarani ; presentazioni di S. Em. il Card. Fortunato Baldelli e S. Em. il Card. Velasio De Paolis. 260 $aCittą del Vaticano :$bLibreria editrice vaticana,$c2012. 300 $a314 p., [4] c. di tav. :$bfoto. ;$c24 cm 490 1 $aMonumenta studia instrumenta liturgica ;$v65 504 $aInclude rifermenti bibliografici ed indici. 650 4$aPenitenza$xStoria.$0(OLS)http://pul/subject/213 700 1 $aSodi, Manlio,$cS.D.B.,$d1944-$0(OLS)http://pul/name/32025 700 1 $aSalvarani, Renata.$0(OLS)http://pul/name/49950 700 1 $aBaldelli, Fortunato.$0(OLS)http://pul/name/82573 700 1 $aDe Paolis, Velasio.$0(OLS)http://pul/name/27165 830 0$aMonumenta studia instrumenta liturgica ;$v65.$0(OLS)http://pul/title/67037 850 $aPUL 852 $aPUL$W1$xSL Religione 3$y85$m264 SODMA 2$j149419$qDDC 21$B147955$CPULBib$Z2$F147955 $H119811 $82 941 1 $a9 996 $6020$a978-88-209-8649-0$9(OLS)http://pul/number/149798 996 $6082$a264$9(OLS)http://pul/classification/492 996 $6245$aLa penitenza tra I e II millennio :$bper una comprensione delle origini della Penitenzieria Apostolica$9(OLS)http://pul/title/163050 996 $6260$aCittą del Vaticano :$bLibreria editrice vaticana$9(OLS)http://pul/publisher/47920